<?xml version="1.0" encoding="UTF-8"?>
<record
    xmlns:xsi="http://www.w3.org/2001/XMLSchema-instance"
    xsi:schemaLocation="http://www.loc.gov/MARC21/slim http://www.loc.gov/standards/marcxml/schema/MARC21slim.xsd"
    xmlns="http://www.loc.gov/MARC21/slim">

  <leader>01610    a2200253   4500</leader>
  <controlfield tag="001">12529</controlfield>
  <controlfield tag="005">20260407155440.0</controlfield>
  <controlfield tag="008">260407a1993    arg                 spa d</controlfield>
  <controlfield tag="003">AR-UNSa-BCEJYS</controlfield>
  <datafield tag="040" ind1=" " ind2=" ">
    <subfield code="a">AR-UNSa-BCEJYS</subfield>
    <subfield code="b">spa</subfield>
    <subfield code="c">AR-UNSa-BCEJYS</subfield>
  </datafield>
  <datafield tag="080" ind1=" " ind2=" ">
    <subfield code="a">519.87</subfield>
    <subfield code="x">Modelos matem&#xE1;ticos para la investigaci&#xF3;n operativa</subfield>
  </datafield>
  <datafield tag="245" ind1="1" ind2="0">
    <subfield code="a">Introducci&#xF3;n a los modelos cuantitativos para administraci&#xF3;n</subfield>
  </datafield>
  <datafield tag="020" ind1=" " ind2=" ">
    <subfield code="a">970-625-005-0</subfield>
  </datafield>
  <datafield tag="264" ind1=" " ind2="1">
    <subfield code="a">M&#xE9;xico :</subfield>
    <subfield code="b">Grupo Editorial Iberoam&#xE9;rica</subfield>
    <subfield code="c">1993</subfield>
  </datafield>
  <datafield tag="300" ind1=" " ind2=" ">
    <subfield code="a">xx, 910 p.</subfield>
    <subfield code="c">24 cm</subfield>
  </datafield>
  <datafield tag="505" ind1=" " ind2=" ">
    <subfield code="a">1. Introducci&#xF3;n - 2. Programaci&#xF3;n lineal: El m&#xE9;todo gr&#xE1;fico - 3. Programaci&#xF3;n lineal: An&#xE1;lisis de sensibilidad y soluci&#xF3;n en computadora - 4. Aplicaciones de la programaci&#xF3;n lineal - 5. Programaci&#xF3;n lineal el m&#xE9;todo simplex - 6. An&#xE1;lisis de sensibilidad basado en el simplex y dualidad - 7. Problemas de transpote, asignaci&#xF3;n y transborda - 8. Programaci&#xF3;n lineal en enteros - 9. Modelos de redes - 10. Administraci&#xF3;n de proyectos PERT/CPM - 11. Modelos de inventarios - 12. Modelos de l&#xED;neas de espera - 13. Simulaci&#xF3;n en computadora - 14. An&#xE1;lisis de decisiones - 15. Problemas de decisi&#xF3;n de criterios m&#xFA;ltiples - 16. Pron&#xF3;sticos - 17. Procesos de Markov - 18. Programaci&#xF3;n din&#xE1;mica - 19. Procedimientos de soluci&#xF3;n basados en c&#xE1;lculo</subfield>
  </datafield>
  <datafield tag="942" ind1=" " ind2=" ">
    <subfield code="c">BK</subfield>
  </datafield>
  <datafield tag="590" ind1=" " ind2=" ">
    <subfield code="a">niveau_biblio:m niveau_hierar:0</subfield>
  </datafield>
  <datafield tag="100" ind1="1" ind2=" ">
    <subfield code="a">Anderson, David R.</subfield>
  </datafield>
  <datafield tag="700" ind1="1" ind2=" ">
    <subfield code="a">Sweeney, Dannis J.</subfield>
  </datafield>
  <datafield tag="700" ind1="1" ind2=" ">
    <subfield code="a">D&#xED;az Mata, Alfredo</subfield>
  </datafield>
  <datafield tag="700" ind1="1" ind2=" ">
    <subfield code="a">Williams, Thomas A.</subfield>
  </datafield>
  <datafield tag="856" ind1="4" ind2="1">
    <subfield code="u">https://www.biblioeco.unsa.edu.ar/pmb/images/libros/12529.jpg</subfield>
    <subfield code="y">Imagen de portada</subfield>
    <subfield code="q">image/jpeg</subfield>
  </datafield>
  <datafield tag="999" ind1=" " ind2=" ">
    <subfield code="c">497</subfield>
    <subfield code="d">497</subfield>
  </datafield>
  <datafield tag="952" ind1=" " ind2=" ">
    <subfield code="0">0</subfield>
    <subfield code="1">0</subfield>
    <subfield code="4">0</subfield>
    <subfield code="7">0</subfield>
    <subfield code="a">BCEJYS</subfield>
    <subfield code="b">BCEJYS</subfield>
    <subfield code="c">16</subfield>
    <subfield code="d">2026-04-07</subfield>
    <subfield code="l">0</subfield>
    <subfield code="o">519.87 A543i</subfield>
    <subfield code="p">L118909</subfield>
    <subfield code="r">2026-04-07 15:54:40</subfield>
    <subfield code="w">2026-04-07</subfield>
    <subfield code="y">L</subfield>
  </datafield>
</record>
